| 000 | 00865nam a2200229 a 4500 | ||
|---|---|---|---|
| 005 | 20210219161654.0 | ||
| 008 | 080930s1988 mx r 000 0 spa d | ||
| 020 | _a9232023644 | ||
| 035 | _aUPN01000189666 | ||
| 049 | _aUNE | ||
| 080 | _a378.141: 577.4 (100)=40 UNI | ||
| 245 | 0 | 4 | _aLes Universitiés et l´éducation relative á l´environnement |
| 260 |
_aParis : _bUNESCO; _bAssociation Internationale of Universitiés, _c1988. |
||
| 300 |
_a143 p. ; _bil. |
||
| 440 | 1 | 3 | _aLe développement de l´enseignement supérieur |
| 500 | _aIncluye bibliografía | ||
| 690 | _aCurriculo universitario- Educacion ambiental | ||
| 690 | _aEnseñanza superior- Metodos de enseñanza- Edc. ambiental | ||
| 690 | _aEducacion ambiental- Metodos de enseñanza- Ens. superior | ||
| 710 | 2 | _aUNESCO and the International Association of Universities | |
| 905 | _aUNESCO | ||
| 999 |
_c161769 _d161769 |
||